000 00349nam a2200145Ia 4500
005 20250424120311.0
008 250424s9999 xx 000 0 und d
022 _a22769765
245 0 _aNigeria spur magazine
260 _aLagos
260 _bRoyal Diadem Communications Ltd.
260 _c2012
300 _a85 p. : ill. ; 30 cm.
942 _cSR
999 _c38527
_d38527